Catálogo público

Sugarcane diseases / (Record no. 200312)

MARC details
000 -CABECERA
campo de control de longitud fija 00759nam a2200277Ia 4500
001 - NÚMERO DE CONTROL
campo de control Para_1694
003 - IDENTIFICADOR DEL NÚMERO DE CONTROL
campo de control CHAP
008 - DATOS DE LONGITUD FIJA--INFORMACIÓN GENERAL
campo de control de longitud fija 220125s1986 xx 000 0 und d
010 ## - NÚMERO DE CONTROL DE LA BIBLIOTECA DEL CONGRESO
Número de control de LC 200312
040 ## - FUENTE DE LA CATALOGACIÓN
Centro/agencia transcriptor CHAP
082 ## - NÚMERO DE LA CLASIFICACIÓN DECIMAL DEWEY
Número de clasificación PA 633.61 S6
100 ## - ENTRADA PRINCIPAL--NOMBRE DE PERSONA
Nombre de persona Sivanesan, A.
9 (RLIN) 106801
245 ## - MENCIÓN DE TÍTULO
Título Sugarcane diseases /
Mención de responsabilidad, etc. by A. Sivanesan and J.M. Waller
260 ## - PUBLICACIÓN, DISTRIBUCIÓN, ETC.
Lugar de publicación, distribución, etc. Grat Britain :
Nombre del editor, distribuidor, etc. CAB. International
300 ## - DESCRIPCIÓN FÍSICA
Extensión 88 p.
440 ## - MENCIÓN DE SERIE/PUNTO DE ACCESO ADICIONAL--TÍTULO
Título Phytopathological paper N.; 29
9 (RLIN) 165188
650 ## - PUNTO DE ACCESO ADICIONAL DE MATERIA--TÉRMINO DE MATERIA
Término de materia o nombre geográfico como elemento de entrada Caña de azucar
Subdivisión general enfermedades
9 (RLIN) 18598
700 ## - PUNTO DE ACCESO ADICIONAL--NOMBRE DE PERSONA
Nombre de persona Waller, J.M.
9 (RLIN) 120931
901 ## - ELEMENTOS DE DATOS A LOCAL LDA (RLIN)
a PA 633.61 S6
902 ## - ELEMENTOS DE DATOS B LOCAL, LDB (RLIN)
a M
905 ## - ELEMENTOS DE DATOS E LOCAL, LDE (RLIN)
a 0000001986 a 0000000000 00
910 ## - DATOS DE OPCIÓN DEL USUARIO (OCLC)
Datos de opción del usuario 1986
942 ## - ELEMENTOS DE PUNTO DE ACCESO ADICIONAL (KOHA)
Tipo de ítem Koha Parasitologia_
942 ## - ELEMENTOS DE PUNTO DE ACCESO ADICIONAL (KOHA)
Tipo de ítem Koha Parasitologia_
-- 1
Holdings
Estado de retiro Estado de pérdida Fuente del sistema de clasificación o colocación Estado dañado No para préstamo Código de colección Localización permanente Ubicación/localización actual Fecha de adquisición Número de inventario Total de préstamos Signatura topográfica completa Código de barras Fecha visto por última vez Número de copia Precio válido a partir de Tipo de ítem Koha Nota pública
    Dewey Decimal Classification     General Parasitologia Agricola Parasitologia Agricola 27/10/2005 (PA_7400) (No. UACh C/E)   PA 633.61 S6 4102003315 25/01/2022 Ej.1 25/01/2022 Libro 3